Aprender en la virtualidad

Saved in:
書目詳細資料
Main Authors: Duart, Josep M (Author), Sangra, Albert (Author)
格式: 圖書
語言:西班牙语
出版: Barcelona Gedisa S. A 2005
版:2a. ed
叢編:Biblioteca de Educación, 2
主題:
標簽: 添加標簽
沒有標簽, 成為第一個標記此記錄!

MARC

LEADER 00000cam a2200000 a 4500
001 UCC5912
003 CL-VaPUC
008 181109e20050000sp |||||||||||||||||spa|d
020 |a 8474328055 
082 0 4 |a 371.334  |b DUA  |2 21 
100 0 |a Duart, Josep M  |e author  |9 600343 
700 0 |a Sangra, Albert  |e author  |9 600344 
245 1 0 |a Aprender en la virtualidad 
250 |a 2a. ed 
300 |a 253 p 
942 |c BK 
945 |d 20181109 15:19:00  |a dcastane 
260 |a Barcelona  |b Gedisa S. A  |c 2005 
650 0 |a Tecnología educacional  |9 307265 
650 0 |a Métodos de enseñanza  |9 270413 
650 0 |a Innovaciones pedagógicas  |9 307471 
650 0 |a Biblioteca virtual  |9 600345 
583 |a last modification  |c 20181109 15:19:00  |k Rodrigo Vera 
490 0 |a Biblioteca de Educación, 2 
999 |c 373015  |d 373013 
952 |0 0  |1 0  |3 erb  |4 0  |6 371_334000000000000_DUA_2005  |7 0  |8 A  |9 490928  |a BIBCUR  |b BIBCUR  |i 5512271  |o 371.334 DUA 2005  |p 5512271  |r 2025-04-22  |w 2019-11-24  |y BK  |z Catalogado en:20181109  |k PER